• 首页
  • 本馆介绍
  • 公告通知
  • 最新文献
  • 馆藏检索
  • 电子资源
  • 读者导购
  • 参考咨询
  • 我的图书馆
  • 登录
  • 详细信息显示
  • 放入我的书架
  • 预约/预借图书
  • 作者相关作品
  • 分类相关作品
  • 丛书相关作品
  • 出版社相关作品

书目信息

  • 表格格式
  • 工作单格式
  • 卡片格式
题名:
工商管理学科应试精要
    
 
作者: 李〓 主编 ;命题研究组 编写
分册:  
出版信息: 北京   机械工业出版社  2002
页数: 456页
开本: 24cm
丛书名: 同等学力人员申请硕士学位全国统一考试辅导丛书
单 册:
中图分类: F203.9
科图分类:
主题词: CT--S025867--工商行政管理 , 工商行政管理--硕士--水平考试--自学参考资料
电子资源:
ISBN: 7-111-09875-7
000 01028oam2 2200277 45
001 012002061102
005 20070729094210.20
010    @a7-111-09875-7@dCNY45.00
100    @a20020801d2002 em y0chiy0110 ea
101 0  @achi
102    @aCN@b110000
105    @ay zq 000yy
200 1  @a工商管理学科应试精要@Agong shang guan li xue ke ying shi jing yao@f李〓主编@g命题研究组编写
210    @a北京@c机械工业出版社@d2002
215    @a456页@d24cm
225 2  @a同等学力人员申请硕士学位全国统一考试辅导丛书
330    @a本书对工商管理学科综合考试要求的四门课程,即管理学原理、企业战略管理、市场营销、财务管理都按章编写了复习提示、考点详解和试题写真。
393    @a〓=[炀(火→日)](yang)
461  0 @12001 @a同等学力人员申请硕士学位全国统一考试辅导丛书
606 0  @2CT@3S025867@a工商行政管理
606 0  @a工商行政管理@x硕士@x水平考试@j自学参考资料
690    @aF203.9@v4
701  0 @a李〓@Ali yang@4主编
712 02 @a命题研究组@Aming ti yan jiu zu@4编写
801  0 @aCN@bNLC@c20070729
905    @a10447@dF203.9@e79
    
    工商管理学科应试精要/李〓主编/命题研究组编写.-北京:机械工业出版社,2002
    456页;24cm.-(同等学力人员申请硕士学位全国统一考试辅导丛书)
    
    
    ISBN 7-111-09875-7:CNY45.00
    本书对工商管理学科综合考试要求的四门课程,即管理学原理、企业战略管理、市场营销、财务管理都按章编写了复习提示、考点详解和试题写真。
●
相关链接 在E读中查询图书 在五车中查询图书 在当当中查询图书 在豆瓣中查询图书


正题名:工商管理学科应试精要     索取号:F203.9/79         预约/预借

序号 登录号 条形码 馆藏地/架位号 状态 备注
1 0784860   207848604   第一借阅区/ [索取号:F203.9/79] 在馆    
2 0785198   207851984   第一样本阅览室/ [索取号:F203.9/79] 在馆    
3 0785199   207851993   第一借阅区/ [索取号:F203.9/79] 在馆    
唐山师范学院图书馆 欢迎您!
大连网信软件有限公司© 版权所有